Sports Quiz

Random Sports or Baseball Quiz
Score 0/110 Timer 15:00
0 Plays Today
% Correct
Albert Pujols
88.2%
Derek Jeter
82.9%
Robinson Cano
81.8%
Alex Rodriguez
81.8%
Hanley Ramirez
76.5%
Alexi Ramirez
76.5%
Joe Mauer
74.9%
Prince Fielder
74.9%
Miguel Cabrera
74.3%
Roy Halladay
73.3%
Mariano Rivera
72.7%
Dustin Pedroia
72.7%
Evan Longoria
71.7%
Josh Hamilton
71.1%
Ryan Howard
71.1%
Ryan Braun
70.6%
Chase Utley
70.6%
Cliff Lee
70.6%
Carlos Gonzalez
70.1%
Joey Votto
70.1%
Carlos Lee
70.1%
Adrian Gonzalez
69.5%
Mark Teixeira
67.9%
David Wright
67.9%
Troy Tulowitzki
67.4%
Jose Reyes
65.2%
C.C. Sabathia
65.2%
Buster Posey
64.7%
Adrian Beltre
64.7%
Ichiro Suzuki
64.2%
Jimmy Rollins
62.6%
Matt Kemp
62%
Tim Lincecum
62%
Carl Crawford
59.9%
Justin Morneau
59.9%
Ian Kinsler
59.4%
Joe Girardi
58.3%
% Correct
Jose Bautista
57.2%
Justin Verlander
57.2%
Justin Upton
57.2%
Curtis Granderson
56.7%
Matt Holliday
56.7%
Ryan Zimmerman
56.1%
Felix Hernandez
56.1%
Yadir Molina
55.6%
Carlos Santana
55.6%
Delmon Young
55.1%
Kelly Johnson
54.5%
Josh Johnson
54.5%
Viktor Martinez
54%
Jayson Werth
53.5%
Brandon Phillips
53.5%
Paul Konerko
52.9%
Raphael Soriano
52.9%
Brian Wilson
50.3%
Brian McCann
50.3%
Kevin Youkilis
50.3%
Nelson Cruz
50.3%
Terry Francona
49.7%
Joakim Soria
49.7%
Torii Hunter
49.7%
Dan Uggla
48.1%
Andrew McCutchen
47.6%
Tony La Russa
47.6%
Jacoby Ellsbury
47.6%
Shane Victorino
46.5%
Andre Ethier
44.4%
David Price
43.3%
Jason Heyward
43.3%
Jon Lester
42.8%
Ricky Weeks
42.2%
Bruce Bochy
40.6%
Kurt Suzuki
40.6%
Elvis Andrus
40.1%
% Correct
Mark Reynolds
40.1%
Vernon Wells
40.1%
Charlie Manuel
39.6%
Shin-Soo Choo
39%
Stephen Drew
39%
Austin Jackson
38%
Brian Roberts
38%
Grady Sizemore
38%
Scott Rolen
36.9%
Adam Wainwright
35.8%
Placido Polanco
35.8%
Nick Markakis
35.8%
Jason Bay
34.2%
Mike Stanton
34.2%
Heath Bell
32.1%
Carlos Ruiz
32.1%
Kendry Morales
32.1%
Neftali Feliz
31.6%
Raul Ibanez
31.6%
Starlin Castro
30.5%
Matt Wieters
30.5%
Jose Valverde
29.4%
Dusty Baker
28.9%
Martin Prado
26.7%
Ron Gardenhire
26.2%
Mike Scioscia
23%
Buck Showalter
20.9%
Colby Rasmus
20.3%
Bud Black
19.3%
Aroldis Chapman
19.3%
Marco Scutaro
17.1%
Carlos Marmol
16%
John Buck
16%
Neil Walker
16%
Casey McGehee
13.9%
Andrew Bailey
13.4%
Remove Ads.
Support Sporcle.
Get the best of Sporcle when you Go Orange. This ad-free experience offers more features, more stats, and more fun while also helping to support Sporcle. Thank you for becoming a member.

You're not logged in!

Compare scores with friends on all Sporcle quizzes.
OR
Log In

Sporcle TV

Today on Sporcle TV


Watch our educational content, quiz creation guides, and fun videos on Sporcle TV.

Show Comments

Extras

Created Feb 12, 2011ReportNominate
Tags:Baseball Quiz

Top Quizzes Today


Score Distribution

Paid Content

Your Account Isn't Verified!

In order to create a playlist on Sporcle, you need to verify the email address you used during registration. Go to your Sporcle Settings to finish the process.

Report this User

Report this user for behavior that violates our Community Guidelines.

Details: